000 00447 a2200121 4500
001 ART_40697
005 20260410162005.0
008 260409a
245 1 0 _aRespuestas del derecho de daños al incumplimiento de los deberes de comunicación en la responsabilidad parental
100 1 _aTanzi, Silvia Y.
700 1 _aFossaceca, Carlos Alberto (h)
773 0 _tTemas de derecho civil
_g- Año 2, Nº 11 (nov. 2016)
_wREV34778
999 _c31650
_d31650